| 000 | 01017cad a22002295a 4500 | ||
|---|---|---|---|
| 001 | E147833 | ||
| 008 | 090623e20090615xxk f 000 0 eng d | ||
| 035 | _a(Sirsi) u147833 | ||
| 041 | 0 | _aeng | |
| 050 | 0 | 4 | _a333.33 $2 18 |
| 110 | 2 |
_aJones Lang LaSalle _93755 |
|
| 245 | 0 | 0 |
_aPulse _bglobal market perspective _h[electronic resource] |
| 260 |
_a[S.l.] _bJones Lang LaSalle _c2009 |
||
| 490 | 0 |
_aPulse _bGlobal Market Perspective _v(2)6 15 June 2009 |
|
| 520 | _aLatest issue of this regular bulletin looks at the impact of economic stabilization on property markets across the globe, and discusses the outlook for the future. | ||
| 521 | _aAdvanced | ||
| 590 | _aKA | ||
| 651 | 4 | _aInternational | |
| 690 | _aPROPERTY-COMMERCIAL PROPERTY-COMMERCIAL PROPERTY MARKET | ||
| 856 | 4 | 0 |
_uhttps://www.joneslanglasalle.com/Pages/ResearchDetails.aspx?TopicName=&ItemID=2193&ResearchTitle=Global%20Market%20Perspective%20-%20June%2015,%202009 _zView the bulletin free of charge at www.joneslanglasalle.com... |
| 942 | _n0 | ||
| 999 |
_c109743 _d109743 |
||